00685 a2200169 450000500170000002000180001708200140003510000180004924500400006725000120010726000530011930000430017294200130021599900150022895201360024395201360037920250527101309.0 a0 85227 006 2 a658.8 ROD aRODGER, L. W. aMarketing in a Competitive Economy. a4th Ed. aLondon, bAssociated Business Programmes,c1974. a253p.: ill.; chart, tablebIndexc23cm 2ddccBKS c2724d2724 r2025-05-27 10:14:44l0o658.8 RODp00000010242v30000.00w2025-05-27yBKS102ddc407000aCBEMLbCBEMLcGENd1976-01-01g10000.00 r2025-05-27 10:14:44l0o658.8 RODp00000010243v30000.00w2025-05-27yBKS102ddc407000aCBEMLbCBEMLcGENd1976-01-01g10000.00